Finančné fungovanie vo VULKAN, a.s. Partizánske : Diplomová práca

Enregistré dans:
Détails bibliographiques
Auteur principal: Brázdil, Peter (Auteur)
Autres auteurs: Burcl, Rudolf, 1933- (xxx)
Format: Manuscrit Livre
Langue:slovaque
Publié: Trnava : STU v Bratislave MtF KPIM, 2004
Sujets:
Tags: Ajouter un tag
Pas de tags, Soyez le premier à ajouter un tag!

MARC

LEADER 00000ntm a22000003a 4500
001 stu89274
005 20160719154642.3
008 040728s2004----xo------------------slo-d
040 |a STU  |b slo 
041 0 |a slo 
044 |a xo 
100 1 |a Brázdil, Peter  |4 aut 
245 1 |a Finančné fungovanie vo VULKAN, a.s. Partizánske :  |b Diplomová práca 
260 |a Trnava :  |b STU v Bratislave MtF KPIM,  |c 2004 
300 |a 67 s  |c príl., CD 
650 7 |a priemyselné inžinierstvo a manažment  |2 stusub 
650 7 |a finančný tok  |2 stusub 
700 1 |a Burcl, Rudolf,  |d 1933-  |4 xxx  |u M190  |U MTF Materiálovotechnologická fakulta  |T MTF Katedra priemyselného inžinierstva a manažmentu  |X 1534  |U M190  |Y 167  |7 A000001534 
996 |b 284M059952  |c M*DP-5221  |l MMSKP  |s P  |a 0  |w stu89274_0001